000 00340 a2200157 4500
001 70035
020 _a852624227X
040 _cAnchieta - Itaigara
240 1 0 _aO fantasma da torre
_lpor
245 1 0 _aO fantasma da torre
300 _a82
362 0 _a1998
440 1 _aScipione
650 4 _aLiteratura infanto-juvenil
942 _cBK
999 _c70035
_d70035